| 000 | 00796cab a2200253 4500 | ||
|---|---|---|---|
| 001 | ABS49370 | ||
| 008 | 090401t1993 xxu||||| |||| 00| 0 eng d | ||
| 035 | _a(Sirsi) u71027 | ||
| 041 | _aeng | ||
| 100 | _aSharif, A | ||
| 245 | _aBetter built in the Third World | ||
| 260 | _c1993 | ||
| 350 | _a0 | ||
| 490 |
_aChartered Quantity Surveyor _v16(1) September 1993, 12(1) |
||
| 520 | _aReports on the International Procurement Research Group (IPRG) set up to identify procurement methods for construction projects in developing countries. | ||
| 650 | _aCONSTRUCTION PROCUREMENT | ||
| 650 | _aDEVELOPING COUNTRIES | ||
| 650 | _aINTERNATIONAL CO-OPERATION | ||
| 650 | _aPROCUREMENT METHODS | ||
| 690 | _aBUILT ENVIRONMENT | ||
| 690 | _aOVERSEAS | ||
| 942 | _n0 | ||
| 948 | _c04/03/1997 | ||
| 999 |
_c44752 _d44752 |
||